Statistics for Formula 1 Grand Prix Drivers - they TRIED and TRIED, but never a Podium.

Click here to take the quiz!

General Stats

  • This quiz has been taken 560 times
    (491 since last reset)
  • The average score is 7 of 21

Answer Stats

Race StartsYearsNationalityDRIVER% Correct
1772010, 2012-19GermanyNico Hulkenberg
98%
972014-18SwedenMarcus Ericsson
69%
1282007-11, 2013-14GermanyAdrian Sutil
63%
592013-14, 2016MexicoEsteban Gutierrez
59%
502016-18FranceEsteban Ocon
52%
552009-11SwitzerlandSebastian Buemi
48%
501993, 1995-96, 1999, 2009ItalyLuca Badoer
41%
592011-13, 2017United KingdomPaul di Resta
41%
582012-14FranceJean-Eric Vergne
40%
741987-91JapanSatoru Nakajima
39%
802005-07, 2009-11ItalyVitantonio Liuzzi
38%
831983-89United KingdomJonathan Palmer
28%
951992-97JapanUkyo Katayama
26%
981995-2000BrazilPedro Diniz
24%
1191985, 1988-95ItalyPierluigi Martini
19%
1091984-90, 1993-94FrancePhilippe Alliot
15%
821979-86SwitzerlandMarc Surer
14%
591991-94FranceErik Comas
11%
571972-79ItalyArturo Merzario
7%
761981, 1983-89ItalyPiercarlo Ghinzani
7%
561987-90ItalyAlex Caffi
6%

Score Distribution

Percentile by Number Answered

Percent of People with Each Score

Your Score History

You have not taken this quiz since the last reset